Southville International School and Colleges
Your cart is empty.
  • Cart
  • Lists
    Public lists Eva Luna New books Lux_list list_1
    Your lists Log in to create your own lists
  • Log in to your account
  • Your cookies
  • Search history
Southville International School and Colleges
  • Advanced search
  • Recent comments
  • Most popular
  • Libraries

Log in to your account

Log in with GOOGLE


If you do not have an external account, but do have a local account, you can still log in:

  1. Home
  2. MARC view: Accounting systems and the procedures
Normal view MARC view ISBD view

Accounting systems and the procedures (Record no. 16789)

[ view plain ]
MARC details
000 -LEADER
fixed length control field 00611nam a22002177a 4500
003 - CONTROL NUMBER IDENTIFIER
control field OSt
005 - DATE AND TIME OF LATEST TRANSACTION
control field 20140310182837.0
008 - FIXED-LENGTH DATA ELEMENTS--GENERAL INFORMATION
fixed length control field 130607t xxu||||| |||| 00| 0 eng d
020 ## - INTERNATIONAL STANDARD BOOK NUMBER
International Standard Book Number 0070689024
050 ## - LIBRARY OF CONGRESS CALL NUMBER
Classification number HF 5679
Item number .W363 1977 v.2
082 ## - DEWEY DECIMAL CLASSIFICATION NUMBER
Classification number M 657
Item number Ac2 1977
-- 3rd ed.
245 ## - TITLE STATEMENT
Title Accounting systems and the procedures
Statement of responsibility, etc Weaver, David H., [et. al.]
250 ## - EDITION STATEMENT
Edition statement 3rd ed.
260 ## - PUBLICATION, DISTRIBUTION, ETC. (IMPRINT)
Place of publication, distribution, etc USA :
Name of publisher, distributor, etc McGraw-Hill, Inc.,
Date of publication, distribution, etc c1977.
300 ## - PHYSICAL DESCRIPTION
Extent xvi, 429 p.
Other physical details ill. : (some col.) ;
Dimensions 23 cm.
521 ## - TARGET AUDIENCE NOTE
Target audience note
526 ## - STUDY PROGRAM INFORMATION NOTE
Reading level 1210L-1700L
541 ## - IMMEDIATE SOURCE OF ACQUISITION NOTE
-- 1
-- 2
562 ## - COPY AND VERSION IDENTIFICATION NOTE
Number of copies 1
942 ## - ADDED ENTRY ELEMENTS (KOHA)
Source of classification or shelving scheme Library of Congress Classification
Koha item type Books
Call number prefix
Holdings
Withdrawn status Lost status Damaged status Home library Current library Shelving location Date acquired Total Checkouts Full call number Barcode Date last seen Price effective from Koha item type
      College Library College Library General Circulation Section 06/07/2013   HF 5679 .W363 1977 v.2 C0895 05/15/2018 06/07/2013 Books

Accounting systems and the procedures

APA

(1977). Accounting systems and the procedures. USA: McGraw-Hill, Inc.

Chicago

1977. Accounting systems and the procedures. USA: McGraw-Hill, Inc.

Harvard

(1977). Accounting systems and the procedures. USA: McGraw-Hill, Inc.

MLA

Accounting systems and the procedures. USA: McGraw-Hill, Inc. 1977.

  • Place hold
  • Print
  • Cite
  • Add to your cart (remove)
  • Save record
    BIBTEX Dublin Core MARCXML MARC (non-Unicode/MARC-8) MARC (Unicode/UTF-8) MARC (Unicode/UTF-8, Standard) MODS (XML) RIS
  • More searches
    Search for this title in:
    Other Libraries (WorldCat) Other Databases (Google Scholar) Online Stores (Bookfinder.com) Open Library (openlibrary.org)

Exporting to Dublin Core...

SOUTHVILLE LIBRARY

Southville International School and Colleges Library

1281 Tropical Ave. Cor. Luxembourg St., BF Homes International, Las Pinas City

Tel. No. 8256374 / 252358 Loc. 117/146

Powered by Koha